000 01050cam a2200253 4500
001 ABS66533
008 030404n2003 000 0 eng u
035 _a(Sirsi) u121909
100 _aFranks, M.
245 _aFollow the correct policy
260 _c2003
490 _aEstates Gazette
_v(0313) 29 March 2003, 110-112(3)
520 _aProvides some useful hints when taking out defective title indemnity insurance. Stresses the importance of checking the terms of policies to ensure that the policy is suitable for your needs including the negotiation of any special terms and ensuring that any material facts have been disclosed. Concludes with a comment on the application of warranties within insurance policies and their effect on an indemnity policy.
590 _aABS
650 _aDEFECTIVE TITLE
650 _aINDEMNITY INSURANCE
650 _aINSURANCE POLICIES
650 _aRESTRICTIVE COVENANTS
650 _aDISCLOSURE
650 _aMATERIAL FACTS
650 _aPREMIUMS
690 _aInsurance
_96249
942 _n0
999 _c72454
_d72454